| 000 | 00554nam a2200217Ia 4500 | ||
|---|---|---|---|
| 005 | 20241216010809.0 | ||
| 008 | 181213s9999||||xx |||||||||||||| ||und|| | ||
| 020 | _a84-8389-508-0 | ||
| 082 |
_a860 _bB81 |
||
| 100 | _aBRASA S.A. | ||
| 245 | 0 | _aTRADICIONES PERUANAS DE RICARDO PALMA | |
| 250 | _a0 | ||
| 260 |
_aLIMA-PERU _bBRASA S.A. _c1991 |
||
| 300 |
_a160 pag _c20 cm |
||
| 341 | _h0 | ||
| 490 |
_v0 _a0 |
||
| 505 | _aHISTORIA-NARRACION-CUENTOS PERUANOS-COLONIAL-REPUBLICA | ||
| 541 |
_aC _d28-Sep-95 |
||
| 650 | _aLITERATURA | ||
| 942 | _cLIBRO | ||
| 999 |
_c24288 _d24288 |
||